000 00514nam a22001817a 4500
008 151119b xxu||||| |||| 00| 0 eng d
020 _a0023596902
041 0 _aeng
080 _a510.2
100 1 _aJohnsonbaugh, Richard,
245 1 0 _aDiscrete mathematics /
_cRichard Johnsonbaugh.
250 _a2nd ed.
260 _aNew York :
_aLondon :
_bMacmillan ;
_bCollier Macmillan,
_c1990.
300 _axiv, 705 f. :
_bme ill. ;
_c26 cm.
650 0 _aShkenca Kompjuterike
650 0 _aMatematika
942 _2udc
_cBK
999 _c1371
_d1371